LEADER 01019nam a2200241 a 4500 001 000000144512 003 CaOOAMICUS 005 20150702085205.0 008 150702m19669999it u000 u fre r 040 $aPUL$bita 100 1 $aLe Déaut, Roger,$cC.S.Sp.,$d1923-$0(OLS)http://pul/name/2307 245 10$aIntroduction ŕ la littérature targumique /$cR. Le Déaut. 260 $aRome :$bInstitut Biblique Pontifical,$c1966- 300 $av ;$c24 cm 500 $aSul front.: Ad usum privatum. 630 04$aBiblia.$pN.T.$xCritica e interpretazione.$0(OLS)http://pul/subject/1926 630 04$aBiblia.$pV.T.$xVersioni.$0(OLS)http://pul/subject/20848 850 $aPUL 852 $aPUL$W1$xDP1 Fondo S. Lanza$y121$m3 H 27$j166796$av. 1$qFondi$B167386$CPULBib$Z2$F167386 $HLan723 $82 941 1 $a1 996 $6245$aIntroduction ŕ la littérature targumique$9(OLS)http://pul/title/182825 996 $6260$aRome :$bInstitut Biblique Pontifical$9(OLS)http://pul/publisher/52931 LEADER 02815nam a2200517 u 4500 001 000000004904 003 CaOOAMICUS 005 20070226104713.0 008 941013m19901996ne a u000 u grc u 020 $a90-04-00750-4 020 $a9004104429 035 $a10130454 040 $aEFR$bita 041 0 $agrc$blat 100 0 $aGregorius Nyssenus,$cs.,$dc. 335-c. 394.$0(OLS)http://pul/name/3044 240 10$aGruppi, scelte$9(Gregorius Nyssenus, s., vesc., c. 335-394?).$0(OLS)http://pul/title/7107 245 10$aGregorii Nysseni Sermones. 260 $aLeiden ;$aNew York ;$aKöln :$bE.J. Brill,$c1990-1996. 300 $a3 v. :$bill. ;$c24 cm 490 1 $aGregorii Nysseni opera ;$v9-10(1-2) 500 $aOcchietto (v. 1): Institum pro Studiis Classicis Harvardianum. 500 $aOcchietto (v. 2-3): Collegium Patristicum ab Academicis Gottingensi Heidelbergensi Moguntina Monacensi Institutum. 500 $aTesto in greco, introduzione in latino. 500 $aIndex: p. [371]-377. 505 0 $aPars I / ediderunt Gunterus Heil, Adrianus van Heck, Ernestus Gebhardt, Andreas Spira. - Pars II / ediderunt Gunterus Heil, Johannes P. Cavarnos, Otto Lendle; post mortem Henrici Dörrie volumen edendum curavit Friedhelm Mann. - Pars III / ediderunt Ernestus Rhein ... [et al.] ; volumen edendum curavit Friedhelm Mann. 700 1 $aHeil, Günter,$d1928-1990.$0(OLS)http://pul/name/5042 700 1 $aHeck, Adrianus van,$d1923-$0(OLS)http://pul/name/5101 700 1 $aMann, Friedhelm.$0(OLS)http://pul/name/5105 700 1 $aLendle, Otto.$0(OLS)http://pul/name/5103 700 1 $aRhein, Ernestus.$0(OLS)http://pul/name/5104 700 1 $aCavarnos, J. P.$0(OLS)http://pul/name/5102 800 0 $aGregorius Nyssenus,$cs.,$dc. 335-c. 394.$tOpere$9(Gregorius Nyssenus, s., vesc., c. 335-394?) ;$v9-10(1-2).$0(OLS)http://pul/nameTitle/25$0(OLS)http://pul/name/3044$0(OLS)http://pul/title/7109 850 $aPUL 852 $aPUL$W1$xSL Religione 1$y3$m20 A 10/1-2$j6837$nBK-PRI$b $qStampati$B6837$CPULBib$Z2$F6837 $81 852 $aPUL$W1$xSL Religione 1$y3$m20 A 10/1-2$j6837$nBK-PRI$b $qStampati$B6838$CPULBib$Z2$F6838 $81 852 $aPUL$W1$xSL Religione 1$y3$m20 A 10/1-2$j6837$nBK-PRI$b $qStampati$B6839$CPULBib$Z2$F6839 $81 900 $aGregorio di Nissa,$cs.,$dc. 335-c. 394$93044 900 $aGregorio di Nissa,$cs.,$dc. 335-c. 394$93044 941 1 $a8 961 $aINV: 63108,76830 961 $aINV: 63108,76830 961 $aINV: 63108,76830 996 $6020$a90-04-00750-4$9(OLS)http://pul/number/6314 996 $6020$a9004104429$9(OLS)http://pul/number/6315 996 $6245$aGregorii Nysseni Sermones$9(OLS)http://pul/title/7108 996 $6260$aLeiden ;$aNew York ;$aKöln :$bE.J. Brill$9(OLS)http://pul/publisher/50057